| 000 | 01347cam a22002891i 4500 | ||
|---|---|---|---|
| 003 | SA-RiAUC | ||
| 005 | 20250326120820.0 | ||
| 008 | 250326s1900 ly g 000 0 ara c | ||
| 040 |
_aJO-IrYU _bara _cSA-RiAUC _erda |
||
| 050 | 1 | 4 | _b.S3284 |
| 082 | 0 | 4 | _a258.2 |
| 090 |
_aن 258.2 _b ع ل ي |
||
| 100 | 1 |
_aعليش، محمد بن أحمد بن محمد، _cالشيخ، _d1217-1299 هجري _eمؤلف. |
|
| 245 | 1 | 0 |
_aشرح منح الجليل على مختصر العلامة خليل ؛ _bوبهامشه حاشيته المسماة تسهيل منح الجليل / _cلمحمد عليش. |
| 264 | 1 |
_aطرابلس، ليبيا : _bمكتبة النجاح، _c1900 |
|
| 300 |
_a4 مجلد؛ _c29 سم |
||
| 336 |
_aنص _btxt _2rdacontent _3كتاب |
||
| 337 |
_aبدون وسيط _bn _2rdamedia |
||
| 338 |
_aمجلد _bnc _2rdacarrier |
||
| 650 | 7 |
_aالفقه المالكي _2aucsh |
|
| 650 | 7 |
_aالفقه الإسلامي _xمذاهب _2aucsh |
|
| 700 | 0 | 2 |
_aخليل بن إسحاق بن موسى الجندي، _cالشيخ، _dتوفي 776 هجري _tمختصر العلامة خليل في فقه الإمام مالك. |
| 740 | 0 | 2 | _aمختصر العلامة خليل في فقه الإمام مالك. |
| 740 | 0 | 2 | _aتسهيل منح الجليل. |
| 942 |
_2ddc _cRARE BOOK _n0 |
||
| 949 |
_aSA-JeALM _d250326 _ueid123 _n1 |
||
| 999 |
_c6637 _d6637 |
||